01998nam a2200433 a 450000500170000000800410001702000180005804100080007610000200008424500650010425000560016926000540022530000160027950001600029565300590045565300740051465300580058865300420064665300320068865300400072065300430076065300540080365300330085765300490089065300600093965300470099965300270104665300340107365300570110765300350116465300570119965300430125665300540129965300690135365300550142265300440147770000210152170000220154220240412114546.0100809t2012 sp a f |||| 00| 0 spa d a9780736087728 aspa1 aKenny, W. Larry aFisiología del deporte y el ejercicio / cW. Larry Kenney a5a ed. en español de la obra original en inglés aMadrid: bEditorial Médica Panamericana;c2012. a621 p.bil. aKenney, l. W., Wilmore, J. H. y Costill, D. L. (Col.). (2012). Fisiología del deporte y el ejercicio. (5a ed.). Madrid : Editorial Médica Panamericana. aEstructura y funcion del músculo duante el ejercicio aCombustible para el ejercicio: bioenergética y metabolismo muscular aControl neural de los músculos durante el ejercicio aControl hormonal durante el ejercicio aGasto energético y fatiga aAparato cardiovascular y su control aAparato respiratorio y su regulación aRespuestas cardiorespiratorias al ejercicio agudo aPrincipios del entrenamiento aAdaptaciones al entrenamiento con sobrecarga aAdaptaciones al entrenamiento aeróbico y anaeróbico aEjercicio en ambientes calurosos y fríos aEjercicio en la altura aEntrenamiento para el deporte aComposición corporal y nutrición para el deporte aAyudas ergogénicas y deporte aNiños y adolescentes en el deporte y el ejericicio aDeporte y ejercicio en adultos mayores aDiferencias sexuales en el deporte y el ejercicio aPrescripción del ejercicio para la salud y la aptitud física aEnfermedades cardiovasculares y actividad física aObesidad, diabetes y actividad física1 aWilmore, Jack H.1 aCostill, David L.